| 000 | 00688nam a22002292 4500 | ||
|---|---|---|---|
| 001 | 0000004451 | ||
| 005 | 20151217154348.0 | ||
| 008 | 070523s xx 000 0 eng d | ||
| 020 | _a0137463146 : | ||
| 040 |
_aKABU _cKABU |
||
| 050 | 0 |
_aQA273 _b.R67 1997 |
|
| 100 | 1 |
_aRoss, Sheldon. _@0000155021 |
|
| 245 | 1 | 2 |
_aA First course in probability / _cSheldon Ross. |
| 250 | _a5th ed. | ||
| 260 |
_aUpper Saddle River, NJ : _bPrentice Hall, _cc1997. |
||
| 300 |
_axiv, 514 p. ; _c25 cm. + _e1 computer disk (3.5 in.) |
||
| 500 | _aIncludes index. | ||
| 650 | 0 |
_aProbabilities. _@0000154769 |
|
| 908 | _a070523 | ||
| 950 | _@1 | ||
| 999 |
_c10772 _d10772 |
||